000
00292nam a2200121Ia 4500
008
190216s9999||||xx |||||||||||||| ||und||
100
_a
Gurdeep Raj
245
0
_a
Advanced Inorganic Chemistry
260
_b
Goel Pub House
_c
2002
300
_a
1459
650
_a
Inorganic Chemistry
942
_c
BK
999
_c
3159
_d
3159